00536nam a2200193Ia 4500008004100000020001800041050001400059100002100073245003000094245005100124245005600175260001500231260002800246260000900274300001400283300002700297300001000324500000800334170918s9999 xx 000 0 und d a9780805079036 bS881 2008 aStone, Tanya Lee aElizabeth leads the way : bElizabeth Cady Stanton and the right to vote / cby Tanya Lee Stone ; illustrated by Rebecca Gibbon. aNew York : bHenry Holt and Company, c2008 aunpaged : bcolored illustration ; c28cm. a700